| 000 | 00558nam a22001817a 4500 | ||
|---|---|---|---|
| 003 | NUST | ||
| 005 | 20260213094444.0 | ||
| 008 | 260213b ||||| |||| 00| 0 eng d | ||
| 020 | _a978-1000031973 | ||
| 082 |
_a551.321 _bQUA |
||
| 100 |
_a Dale A. Quattrochi & Jeffrey C. Luvall. _9133191 |
||
| 245 |
_aThermal Remote Sensing in Land Surface Processing / _c Dale A. Quattrochi & Jeffrey C. Luvall. |
||
| 250 | _a1st Edition | ||
| 260 |
_aFlorida: _bCRC Press, _c2004. |
||
| 300 |
_axxii, 440 p ; _c29.00 cm. |
||
| 563 | _aHardcover | ||
| 942 |
_2ddc _cBK |
||
| 999 |
_c616196 _d616196 |
||